[Event "Fredrikstad CC-ch"]
[Site "Fredrikstad"]
[Date "2003.03.26"]
[Round "8"]
[White "Adamsen, Tore W"]
[Black "Helgesen, Jack"]
[Result "1-0"]
[WhiteElo "757"]
[BlackElo "1053"]
[PlyCount "49"]
[EventDate "2003.01.??"]
[EventType "swiss"]
[EventRounds "11"]
[EventCountry "NOR"]
[SourceTitle "EXT 2005"]
[Source "ChessBase"]
[SourceDate "2004.11.15"]
[SourceVersion "1"]
[SourceVersionDate "2004.11.15"]
[SourceQuality "1"]

1. e4 e5 2. Nf3 Nc6 3. d3 Nf6 4. Be2 Bc5 5. h3 0-0 6. 0-0 b6 7. Bd2 Re8 8. a3 a5 9. Nc3 Ba6 10. Bg5 h6 11. Bxf6 Qxf6 12. Nd5 Qd8 13. Nh2 Nd4 14. Bh5 c6 15. Ne3 Ne6 16. Nf3 Nf4 17. Bg4 h5 18. Bxh5 Nxh5 19. Nf5 Nf4 20. N3h4 Qg5 21. g3 g6 22. Nf3 Nxh3+ 23. Kh2 Qg4 24. Nh6+ Kg7 25. Nxg4 1-0

[Event "John Dahlgren Memorial"]
[Site "Sarpsborg"]
[Date "2002.11.01"]
[Round "9"]
[White "Helgesen, Jack"]
[Black "Kristiansen, Espen"]
[Result "0-1"]
[WhiteElo "1044"]
[BlackElo "1140"]
[PlyCount "64"]
[EventDate "2002.08.??"]
[EventType "swiss"]
[EventRounds "12"]
[EventCountry "NOR"]
[SourceTitle "EXT 2005"]
[Source "ChessBase"]
[SourceDate "2004.11.15"]
[SourceVersion "1"]
[SourceVersionDate "2004.11.15"]
[SourceQuality "1"]

1. d4 Nf6 2. c4 e5 3. e3 exd4 4. exd4 c6 5. Nf3 d5 6. Nc3 Bb4 7. Bd2 Bg4 8. Bd3 0-0 9. 0-0 dxc4 10. Bxc4 Bxf3 11. Qxf3 Qxd4 12. Bb3 Qxd2 13. Rad1 Qg5 14. Ne4 Nxe4 15. Qxe4 Ba5 16. Rd6 Na6 17. h4 Qc5 18. Rfd1 Rae8 19. Bxf7+ Kh8 20. Bxe8 Qxf2+ 21. Kh2 Bc7 22. Qe5 Qxh4+ 23. Kg1 Bb6+ 24. R6d4 Bxd4+ 25. Rxd4 Qf2+ 26. Kh2 Qxb2 27. Qe7 Qf2 28. Rd8 Qf4+ 29. Kg1 Qf6 30. Qd7 Nc5 31. Qc7 Ne6 32. Bf7 Qxd8 0-1

[Event "Fredrikstad Hostturnering"]
[Site "Fredrikstad"]
[Date "2002.09.04"]
[Round "1"]
[White "Helgesen, Jack"]
[Black "Andresen, Ragnar"]
[Result "0-1"]
[WhiteElo "1044"]
[BlackElo "1394"]
[PlyCount "56"]
[EventDate "2002.09.??"]
[EventType "swiss"]
[EventRounds "9"]
[EventCountry "NOR"]
[SourceTitle "EXT 2005"]
[Source "ChessBase"]
[SourceDate "2004.11.15"]
[SourceVersion "1"]
[SourceVersionDate "2004.11.15"]
[SourceQuality "1"]

1. e4 e6 2. d4 d5 3. Bd3 dxe4 4. Bxe4 Nf6 5. Bg5 Be7 6. Nc3 c6 7. Nf3 Nbd7 8. 0-0 Nxe4 9. Bxe7 Qxe7 10. Nxe4 0-0 11. Re1 Nf6 12. c4 b6 13. Qd3 Bb7 14. a3 Rad8 15. Ne5 Nxe4 16. Rxe4 c5 17. Rg4 f5 18. Rg3 Rxd4 19. Qc3 Rfd8 20. Rd3 Rxd3 21. Nxd3 Qd6 22. Rd1 Be4 23. Re1 Bxd3 24. Rd1 Qd4 25. Qxd4 Rxd4 26. b3 Bc2 27. Rxd4 cxd4 28. b4 d3 0-1

[Event "Sarpsborg CC-ch"]
[Site "Sarpsborg"]
[Date "2002.03.15"]
[Round "10"]
[White "Kristiansen, Espen"]
[Black "Helgesen, Jack"]
[Result "1-0"]
[WhiteElo "1062"]
[BlackElo "1024"]
[PlyCount "87"]
[EventDate "2002.01.??"]
[EventType "swiss"]
[EventRounds "15"]
[EventCountry "NOR"]
[SourceTitle "EXT 2005"]
[Source "ChessBase"]
[SourceDate "2004.11.15"]
[SourceVersion "1"]
[SourceVersionDate "2004.11.15"]
[SourceQuality "1"]

1. e4 e5 2. Nf3 Nc6 3. d4 exd4 4. Nxd4 Nge7 5. Bg5 f6 6. Be3 Nxd4 7. Bxd4 Nc6 8. Be3 Qe7 9. Nc3 Qf7 10. a3 d6 11. Bb5 Bd7 12. Qe2 a6 13. Bd3 Ne5 14. h3 Nxd3+ 15. Qxd3 c6 16. Qd2 0-0-0 17. 0-0-0 Be7 18. Qe2 f5 19. f3 Bf6 20. Nb1 c5 21. Rxd6 Bb5 22. Qd2 h6 23. Rd1 Be7 24. Rd5 Rxd5 25. Qxd5 Qxd5 26. exd5 Rd8 27. Nc3 Be8 28. Ne2 Bf7 29. Nf4 Bg5 30. c4 b5 31. b3 Kc7 32. g3 Kb6 33. h4 Bf6 34. Nd3 Be7 35. Ne5 Be8 36. f4 Ka5 37. Rd2 Bf6 38. Bxc5 Bxe5 39. fxe5 bxc4 40. bxc4 Ba4 41. Rb2 Be8 42. Bb6+ Ka4 43. Bxd8 Kxa3 44. Rb6 1-0

[Event "Sarpsborg op"]
[Site "Sarpsborg"]
[Date "2001.09.28"]
[Round "6"]
[White "Lunde, Sigmund"]
[Black "Helgesen, Jack"]
[Result "1-0"]
[WhiteElo "1683"]
[BlackElo "983"]
[PlyCount "53"]
[EventDate "2001.08.??"]
[EventType "swiss"]
[EventRounds "12"]
[EventCountry "NOR"]
[SourceTitle "EXT 2005"]
[Source "ChessBase"]
[SourceDate "2004.11.15"]
[SourceVersion "1"]
[SourceVersionDate "2004.11.15"]
[SourceQuality "1"]

1. c4 e5 2. g3 Nf6 3. Bg2 Bc5 4. e3 c6 5. Nc3 0-0 6. Nge2 Re8 7. b3 d5 8. d4 Bb4 9. 0-0 exd4 10. Qxd4 c5 11. Qd3 Nc6 12. Nxd5 Ne5 13. Qc2 Nxd5 14. cxd5 Qf6 15. Bb2 Bf5 16. e4 Bg4 17. f4 Bxe2 18. Qxe2 Qb6 19. Bxe5 c4+ 20. Kh1 Rac8 21. bxc4 f6 22. Bb2 Qa6 23. Rfc1 Rc7 24. e5 Rec8 25. d6 Rxc4 26. Rxc4 Rxc4 27. Bd5+ 1-0

[Event "Sarpsborg op"]
[Site "Sarpsborg"]
[Date "2001.08.24"]
[Round "1"]
[White "Andersen, Harry"]
[Black "Helgesen, Jack"]
[Result "1-0"]
[WhiteElo "1687"]
[BlackElo "983"]
[PlyCount "75"]
[EventDate "2001.08.??"]
[EventType "swiss"]
[EventRounds "12"]
[EventCountry "NOR"]
[SourceTitle "EXT 2005"]
[Source "ChessBase"]
[SourceDate "2004.11.15"]
[SourceVersion "1"]
[SourceVersionDate "2004.11.15"]
[SourceQuality "1"]

1. e4 c6 2. d4 d5 3. e5 g6 4. Nc3 Bg7 5. g4 Be6 6. f4 Nd7 7. Bd3 Qb6 8. f5 gxf5 9. gxf5 Bxf5 10. Bxf5 e6 11. Bh3 Ne7 12. Nf3 c5 13. Rg1 0-0 14. Bh6 Ng6 15. Bxg7 Kxg7 16. Ne2 Kh8 17. Qd2 cxd4 18. Qh6 Rg8 19. Nexd4 Qxb2 20. Kf2 Ndxe5 21. Rab1 Qc3 22. Rxb7 Nxf3 23. Nxf3 Qxc2+ 24. Qd2 Qxd2+ 25. Nxd2 Nf4 26. Bf1 Rxg1 27. Kxg1 f5 28. Nf3 a5 29. Kf2 Rd8 30. Ng5 Rc8 31. Kf3 e5 32. Nf7+ Kg8 33. Nxe5 Ne6 34. Bd3 Rc3 35. Kf2 Ra3 36. Bxf5 Rxa2+ 37. Kg3 h6 38. Bxe6+ 1-0